• 首页
  • 本馆介绍
  • 公告通知
  • 最新文献
  • 馆藏检索
  • 电子资源
  • 读者导购
  • 参考咨询
  • 我的图书馆
  • 登录
  • 详细信息显示
  • 放入我的书架
  • 预约/预借图书
  • 作者相关作品
  • 分类相关作品
  • 丛书相关作品
  • 出版社相关作品

书目信息

  • 表格格式
  • 工作单格式
  • 卡片格式
题名:
近岸水波的解析理论
    
 
作者: 余锡平 著
分册:  
出版信息: 北京   科学出版社  2012.03
页数: 250页
开本: 24cm
丛书名:
单 册:
中图分类: TV139.2
科图分类:
主题词: 海岸带--水波--理论研究 , 海岸带 , 水波
电子资源:
ISBN: 978-7-03-033712-2
000 00951nam0 2200253 450
001 010010095880
005 20130504154509.79
010    @a978-7-03-033712-2@b精装@dCNY80.00
100    @a20120424d2012 em y0chiy0110 ea
101 0  @achi
102    @aCN@b110000
105    @aa z 001yy
106    @ar
200 1  @a近岸水波的解析理论@9jin an shui bo de jie xi li lun@f余锡平著
210    @a北京@c科学出版社@d2012.03
215    @a250页@c图@d24cm
330    @a本书将散见于各类文献中的近岸水波典型现象的诸多解析解进行甄选、分类、归纳和整理,自成体系,对微幅波运动、浅水波运动、高阶非线性波运动、结构物引起的波的反射和相应的透射、平面上结构物引起波的绕射、半封闭水域内水体的共振以及地形变化引起水波在平面上的折射等问题,进行了全面的描述。
606 0  @a海岸带@x水波@x理论研究
606 0  @a海岸带
606 0  @a水波
690    @aTV139.2@v5
701  0 @a余锡平@9yu xi ping@4著
801  0 @aCN@bNLC@c20120806
905    @b542996-3000@dTV139.2@e56@f5
    
    近岸水波的解析理论/余锡平著.-北京:科学出版社,2012.03
    250页:图;24cm
    
    
    ISBN 978-7-03-033712-2(精装):CNY80.00
    本书将散见于各类文献中的近岸水波典型现象的诸多解析解进行甄选、分类、归纳和整理,自成体系,对微幅波运动、浅水波运动、高阶非线性波运动、结构物引起的波的反射和相应的透射、平面上结构物引起波的绕射、半封闭水域内水体的共振以及地形变化引起水波在平面上的折射等问题,进行了全面的描述。
●
相关链接 在E读中查询图书 在五车中查询图书 在当当中查询图书 在豆瓣中查询图书


正题名:近岸水波的解析理论     索取号:TV139.2/56         预约/预借

序号 登录号 条形码 馆藏地/架位号 状态 备注
1 542996   205429963   第二样本阅览室/ [索取号:TV139.2/56] 在馆    
2 542997   205429972   第三借阅区/ [索取号:TV139.2/56] 在馆    
3 542998   205429981   第三借阅区/ [索取号:TV139.2/56] 在馆    
4 542999   205429990   第三借阅区/ [索取号:TV139.2/56] 在馆    
5 543000   205430005   第三借阅区/ [索取号:TV139.2/56] 在馆    
唐山师范学院图书馆 欢迎您!
大连网信软件有限公司© 版权所有